Регионална библиотека "Любен Каравелов" - Русе

Икономическа география (Запис номер 15591)

MARC детайли
000 -Лидер
Контролно поле с фиксирана дължина 01408nam a2200301 c 4500
003 - Код на организацията, давaща контролен номер
Контролно поле BLK
005 - Дата и час на последна редакция
Контролно поле 20180422094702.0
008 - Елементи от данни с фиксирана дължина
fixed length control field 180413b bul|||||r ||||||| ||bul||
010 ## - Наследен системен номер
LC control number KNG00017384000
040 ## - Източник на каталожния запис
Идентификатор на билиотеката - собственик на записа BLK
041 ## - Код за език
Код за езика на текст/звукозапис или на отделно заглавие Български
Код за езика КДБФ Български
080 ## - УДК
Текстов определител УДК Социална география. Икономическа география. География на туризма
УДК код - определител по УДК 338:91
УДК определител (075.8)
УДК - код + определител 338:91(075.8)
100 1# - Редна дума - Автор
Автор Славев, Славчо Йорданов
Авторска отговорност първи автор
R(LIN) 245058
139 ## - Редно поле
Редна дума Славев, Славчо Йорданов и др.
Авторски знак Славе - С 42
245 10 - Сведения за заглавието
Заглавие Икономическа география
Подзаглавни данни Кратък курс : [За студентите от Стоп. акад. Д. А. Ценов - Свищов]
Редно поле (дума) Славчо Йорданов Славев; съавт. Тихомир Личев.
250 ## - Област на изданието
Сведения за изданието 2. изд
260 ## - Област на издателските данни
-- Свищов
Име на издателя, разпространителя и проч. Акад. изд. Д. А. Ценов
Година на издаване 1996
300 ## - Физическа характеристика
Страници 275 с.
Илюстрации и др. с табл., сх., диагр.
Размери/Мащаб 21 см
500 ## - Общи забележки
Забележка Изд. на Стоп. акад. Д. А. Ценов - Свищов ; 1 500 тир
650 #4 - Допълнително описание по предмет – тема
Основно описание – тема или топоним Икономическа география - учебници за ВУЗ
9 (RLIN) 245059
653 ## - Ключова дума – ненормативна
Ключова дума география
700 1# - Други автори (авторска отговорност)
Лично име Личев, Тихомир
Автороска отговорност (Описва отношението между автора и произведението) съавт.
9 (RLIN) 364562
852 ## - Местоположение
Форматна сигнатура Цб 189664
856 4# - Електронен адрес и достъп
Електронен формат pdf - файл
Път до файла /url/
856 4# - Електронен адрес и достъп
Електронен формат pdf - файл
Път до файла /url/
942 ## - АРТИКУЛИ
Вид на библиотечния материал Книги
Скрит в OPAC Не
944 ## - СЪЗДАВАНЕ И РЕДАКЦИЯ на ЗАПИСА
Създаване/Редакция Създаване
Дата на регистрацията/редакция 15.01.2003
Служител, извършил регистрацията/редакцията AB_DOS
944 ## - СЪЗДАВАНЕ И РЕДАКЦИЯ на ЗАПИСА
Създаване/Редакция Редакция
Дата на регистрацията/редакция 15.01.2003
Служител, извършил регистрацията/редакцията
999 ## - СИСТЕМНИ КОНТРОЛНИ НОМЕРА
Koha biblionumber 15591
Koha biblioitemnumber 15591
Наличности
Код за отписване Код за изгубен артикул Източник на класификационната схема Код за повреда Коз за рестрикции Код за отдаване Артикулен № Име на библиотеката - собственик Име на библиотеката, в която се намира в момента Статус (Текущо местоположение) Дата на вписване в системата Местоположение - отдел Цена в лева Инвентарен номер Систематично азбучна сигнатура Баркод Номер на екземпляра Цена в евро Служебен тип на артикула Служебна бележка
  Не е изгубен Universal Decimal Classification Не е повреден без рестрикции ползва се в читалня 26454 Регионална библиотека "Любен Каравелов" Русе Регионална библиотека "Любен Каравелов" Русе Хранилище 2001-01-01 Хранилище 0.00 632471 Цб 189664 120000632471 1 0.00 Книги  
Изтеглен Не е изгубен Universal Decimal Classification Не е повреден без рестрикции заемане за дома 26455 Регионална библиотека "Любен Каравелов" Русе Регионална библиотека "Любен Каравелов" Русе Заемна - подръчен фонд 2001-01-01 Заемна - подръчен фонд 2.90 642389 П 338:91/С 42 642389 2 1.48 Книги  
Изтеглен Не е изгубен Universal Decimal Classification Не е повреден без рестрикции заемане за дома 26456 Регионална библиотека "Любен Каравелов" Русе Регионална библиотека "Любен Каравелов" Русе Заемна - подръчен фонд 2001-01-01 Заемна - подръчен фонд 2.90 642390 П 338:91/С 42 642390 3 1.48 Книги Дата инв: 05.02.2018 Бележки инв: П2018
Vip Innovations Ltd, Rousse, Bulgaria 2025